01228cam a22002775a 4500001001400000003000400014005001700018008004100035020001800076040004800094082002100142100002900163245014100192260005200333300003400385500002400419504003100443590014700474650005200621650006200673653002500735700002300760942000800783999001700791952014200808ssj0001412386OSt20201128023817.0141208t2015 mdua frb 001 0 eng d a9780128001080 aCaPaEBRbengepncCaPaEBRdWaSeSSdEG-ScBUE04a005.437222bBRA1 aBrambilla, Marco.94094510aInteraction flow modeling language :bmodel-driven ui engineering of web and mobile apps with ifml /cMarco Brambilla, Piero Fraternali. aWaltham :bMorgan Kaufmann / Elsevier,cc.2015. axiv, 408 p. :bill. ;c28 cm. aIndex : p. 401-408. aBibliography : p. 395-400. aElectronic reproduction. Palo Alto, Calif. : ebrary, 2014. Available via World Wide Web. Access may be limited to ebrary affiliated libraries. 7aUser interfaces (Computer systems)2BUEsh92676 7aProgramming languages (Electronic computers)2BUEsh95613 bCOMSCIcAugust 2016 1 aFraternali, Piero. 2ddc c22264d22236 00102ddc40708BaccahaMAINbMAINcLOWd2016-08-28ePurchaseg480.00h25137l0o005.437 BRAp000033413r2025-07-15 00:00:00v600.00yBB